| 000 | 00662nam a2200193 i 4500 | ||
|---|---|---|---|
| 001 | 171303 | ||
| 003 | ES-MaACL | ||
| 005 | 20250808062800.0 | ||
| 008 | 090508s1967 sp |||| | spa d | ||
| 017 | _aM 6235-1967 | ||
| 100 | 0 |
_aCabodevilla, José María. _933240 |
|
| 245 | 1 | 0 |
_aLa impaciencia de Job _b: estudio sobre el sufrimiento humano / _cpor José María Cabodevilla. |
| 260 |
_aMadrid : _b[La Editorial Católica], _c1967. |
||
| 300 |
_aXX, 476 p., 1 h. ; _c20 cm. |
||
| 490 | 1 |
_aBiblioteca de autores cristianos ; _v263 |
|
| 830 | 0 | 0 |
_aBiblioteca de autores cristianos _v263 _9178679 |
| 852 |
_aES-MaACL _jJ-258 _9R.46092 |
||
| 999 |
_c171303 _d171303 |
||